| 000 | 01204cam a2200373 a 4500 | ||
|---|---|---|---|
| 001 | 22537 | ||
| 003 | SK-KTurca | ||
| 005 | 20260331160850.0 | ||
| 008 | 230301s1994 xo a jr 000 f slo | ||
| 015 | _aSNBA1994 | ||
| 020 |
_a8021801336 _q(viazané) |
||
| 040 |
_aSNK _bslo _cSNK _eAACR2 |
||
| 041 | 1 |
_aslo _hger |
|
| 044 |
_axo _cSK |
||
| 072 | 7 |
_a821.112.2-3 _xNemecká próza, nemecky písaná _2konspekt |
|
| 072 | 7 |
_a821-93 _xLiteratúra pre deti a mládež (beletria) _2konspekt |
|
| 080 | _a830-31=854 | ||
| 080 |
_a821.112.2-31 _22011 |
||
| 080 |
_a(0:82-311.3) _22011 |
||
| 080 |
_a82-93-053.4/.5 _22011 |
||
| 100 | 1 |
_aMay, Karl, _d1842-1912 _4aut |
|
| 240 | 1 | 4 |
_aDer Derwisch _lSlovensky |
| 245 | 1 | 0 |
_aDerviš _cKarl May ; [preklad Adam Bžoch ; ilustrácie Dušan Nágel] |
| 260 |
_aBratislava _bDanubiapress _c1994 |
||
| 300 |
_a317 strán _bilustrácie _c21 cm |
||
| 500 | _aPreložené z nemčiny | ||
| 500 | _aMapa na predsádkach | ||
| 655 | 7 |
_anemecké romány _2SNKPH |
|
| 655 | 7 |
_adobrodružné romány _2SNKPH |
|
| 655 | 7 |
_aliteratúra pre deti a mládež _2SNKPH |
|
| 700 | 1 |
_aBžoch, Adam, _d1966- _4trl |
|
| 700 | 1 |
_aNágel, Dušan, _d1949- _4ill |
|
| 942 |
_2ddc _cKLDO _n0 |
||
| 999 |
_c22537 _d22537 |
||